The lost world of the East : An adventurous quest in the Malayan hinterland

Bibliographic Details
Main Author: Wavell, Stewart
Format: Book
Language:English
Published: Kuala Lumpur : Antara Book Company , 1986
Subjects:

MARC

LEADER 00000cam a2200000 7i4500
001 0000026973
005 20161104.0
008 161013 my eng
020 |a 9678000024 
040 |a INS 
090 0 0 |a DS592   |b W36 
100 1 |a Wavell, Stewart 
245 1 4 |a The lost world of the East :   |b An adventurous quest in the Malayan hinterland   |c Stewart Wavell 
260 |a Kuala Lumpur :   |b Antara Book Company ,   |c 1986 
300 |a 195p. :   |b ill. ;   |c 22 cm. 
651 0 |a Malaya   |x Description and travel 
999 |a 0000023738   |b BOOK   |c Open Shelf   |e Default branch